书目信息 |
| 题名: |
英语
|
|
| 作者: | ;北京外国语学院英语系 编 | |
| 分册: | 第二册 | |
| 出版信息: | 北京 商务印书馆 1978 |
|
| 页数: | 273页 | |
| 开本: | 19cm | |
| 丛书名: | ||
| 单 册: | ||
| 中图分类: | H31 | |
| 科图分类: | ||
| 主题词: | 英语 | |
| 电子资源: | ||
| ISBN: | ||
| 000 | 00563nam0 2200205 45 | |
| 001 | 0405060983 | |
| 005 | 20060926093949.35 | |
| 010 | @dCNY0.93 | |
| 091 | @a9017.826 | |
| 100 | @a20040506d1978 km y0chiy0120 ea | |
| 101 | 0 | @achi |
| 105 | @a j 000yy | |
| 200 | 1 | @a英语@AYing Yu@dEnglish@h第二册@f北京外国语学院英语系编@FBei Jing Wai Guo Yu Xue Yuan Ying Yu Xi Bian |
| 210 | @a北京@c商务印书馆@d1978 | |
| 215 | @a273页@d19cm | |
| 606 | 0 | @a英语 |
| 690 | @aH31@v3 | |
| 711 | 02 | @a北京外国语学院英语系@4编 |
| 801 | @aCN@bTSTCL@c20060926 | |
| 905 | @dH31@e110:2 | |
| 英语=English.第二册/北京外国语学院英语系编.-北京:商务印书馆,1978 |
| 273页;19cm |
| ISBN :CNY0.93 |
| ● |
| 相关链接 |
|
|
|
|
正题名:英语
索取号:H31/110:2
 
预约/预借
| 序号 | 登录号 | 条形码 | 馆藏地/架位号 | 状态 | 备注 |
| 1 | 0008024 | 000880666 | 密集书库/ [索取号:H31/110:2] | 在馆 | |
| 2 | 0008026 | 000880577 | 密集书库/ [索取号:H31/110:2] | 在馆 | |
| 3 | 0008027 | 000880595 | 密集书库/ [索取号:H31/110:2] | 在馆 | |
| 4 | 0008028 | 000880684 | 密集书库/ [索取号:H31/110:2] | 在馆 | |
| 5 | 0008029 | 000880611 | 密集书库/ [索取号:H31/110:2] | 在馆 | |
| 6 | 0008030 | 000880639 | 密集书库/ [索取号:H31/110:2] | 在馆 | |
| 7 | 0008031 | 000880620 | 密集书库/ [索取号:H31/110:2] | 在馆 | |
| 8 | 0008032 | 000880675 | 密集书库/ [索取号:H31/110:2] | 在馆 | |
| 9 | 0008033 | 000880648 | 第四借阅区/ [索取号:H31/110:2] | 在馆 | |
| 10 | 0008034 | 000880602 | 密集书库/ [索取号:H31/110:2] | 在馆 | |
| 11 | 0039856 | 000880586 | 密集书库/ [索取号:H31/110:2] | 在馆 | |
| 12 | 0039857 | 000880693 | 第二样本阅览室/ [索取号:H31/110:2] | 在馆 | |
| 13 | 0039858 | 000880657 | 密集书库/ [索取号:H31/110:2] | 在馆 | |
| 14 | 0421184 | 204211842 | 密集书库/ [索取号:H31/110:2] | 在馆 | |
| 15 | 0422208 | 204222082 | 密集书库/ [索取号:H31/110:2] | 在馆 | |
| 16 | 0463089 | 204630890 | 密集书库/ [索取号:H31/110:2] | 在馆 |